[Event "Oberliga Ost-A 1819"]
[Site "Germany"]
[Date "2019.04.07"]
[Round "11.7"]
[White "Ledfuss, Guntram"]
[Black "Kalkhof, Stefan"]
[Result "1/2-1/2"]
[WhiteElo "2015"]
[BlackElo "2193"]
[PlyCount "49"]
[EventDate "2018.10.21"]
[EventType "team-tourn"]
[EventRounds "11"]
[EventCountry "GER"]
[SourceTitle "EXT 2020"]
[Source "ChessBase"]
[SourceDate "2019.10.17"]
[SourceVersion "1"]
[SourceVersionDate "2019.10.17"]
[SourceQuality "1"]
[WhiteTeam "Dresden USV TU II"]
[BlackTeam "Loeberitz"]
[WhiteTeamCountry "GER"]
[BlackTeamCountry "GER"]

1. d4 d5 2. Nf3 c6 3. c4 e6 4. cxd5 exd5 5. Qc2 Bd6 6. Nc3 Ne7 7. Bd2 Bf5 8. e4 dxe4 9. Nxe4 Bxe4 10. Qxe4 Nd7 11. Bc4 Nf6 12. Qc2 0-0 13. 0-0 Ned5 14. Ne5 Qc7 15. Rfe1 c5 16. Qf5 Ne7 17. Qg5 h6 18. Qg3 cxd4 19. Rac1 Bxe5 20. Rxe5 Nc6 21. Bxh6 Ne8 22. Rxe8 Qxg3 23. Rxf8+ Kxf8 24. hxg3 gxh6 25. f4 1/2-1/2

[Event "Oberliga Ost-A 1718"]
[Site "Germany"]
[Date "2018.01.21"]
[Round "5.7"]
[White "Roemling, Sven"]
[Black "Ledfuss, Guntram"]
[Result "1-0"]
[WhiteElo "2154"]
[BlackElo "2043"]
[PlyCount "95"]
[EventDate "2017.10.22"]
[EventType "team-tourn"]
[EventRounds "11"]
[EventCountry "GER"]
[SourceTitle "EXT 2019"]
[Source "ChessBase"]
[SourceDate "2018.10.10"]
[SourceVersion "1"]
[SourceVersionDate "2018.10.10"]
[SourceQuality "1"]
[WhiteTeam "Leipzig SG II"]
[BlackTeam "Dresden USV TU II"]
[WhiteTeamCountry "GER"]
[BlackTeamCountry "GER"]

1. d4 Nf6 2. Nf3 g6 3. c4 Bg7 4. Nc3 0-0 5. e4 d6 6. Be2 e5 7. 0-0 Nc6 8. d5 Ne7 9. Ne1 Nd7 10. Nd3 f5 11. Bd2 Nf6 12. f3 f4 13. Nf2 Rf7 14. Rc1 Bf8 15. c5 g5 16. Nb5 Ng6 17. cxd6 cxd6 18. Qc2 Ne8 19. a4 Nh4 20. Nxa7 Bd7 21. Nb5 g4 22. fxg4 f3 23. gxf3 Nxf3+ 24. Bxf3 Rxf3 25. Kg2 Rf7 26. Qb3 Qh4 27. Rc3 Kh8 28. Rf3 Rxf3 29. Qxf3 Nf6 30. Nc3 Be7 31. Qg3 Nxg4 32. Nxg4 Bxg4 33. Qxh4 Bxh4 34. Rf7 Rg8 35. Kf1 Bh3+ 36. Ke2 Rg2+ 37. Kd3 Rxh2 38. Bh6 Rf2 39. Rf8+ Rxf8 40. Bxf8 Bf2 41. Bxd6 Bf1+ 42. Ne2 Bd4 43. b4 Kg7 44. Kd2 Kf6 45. Bc5 Bxc5 46. bxc5 Ke7 47. Ng3 Kd7 48. Nxf1 1-0

[Event "Oberliga Ost-A 1617"]
[Site "Germany"]
[Date "2017.01.15"]
[Round "5.7"]
[White "Kalkhof, Stefan"]
[Black "Ledfuss, Guntram"]
[Result "1-0"]
[WhiteElo "2195"]
[BlackElo "2064"]
[PlyCount "103"]
[EventDate "2016.10.16"]
[EventType "team-tourn"]
[EventRounds "11"]
[EventCountry "GER"]
[SourceTitle "EXT 2018"]
[Source "ChessBase"]
[SourceDate "2017.10.13"]
[SourceVersion "1"]
[SourceVersionDate "2017.10.13"]
[SourceQuality "1"]
[WhiteTeam "Loeberitz"]
[BlackTeam "Dresden USV TU II"]
[WhiteTeamCountry "GER"]
[BlackTeamCountry "GER"]

1. Nf3 Nf6 2. d4 g6 3. c4 Bg7 4. Nc3 0-0 5. e4 d6 6. Be2 e5 7. Bg5 h6 8. Bxf6 Qxf6 9. dxe5 dxe5 10. 0-0 Nc6 11. h3 Nd4 12. Nd5 Qd8 13. Nxd4 exd4 14. Qc2 a5 15. Nf4 Qg5 16. g3 Re8 17. Bf3 Be5 18. Nd5 Bxh3 19. Bg2 Bxg2 20. Kxg2 Qd8 21. f4 Bg7 22. f5 c6 23. fxg6 fxg6 24. Nf4 Qg5 25. Rae1 Be5 26. Qb3 Re7 27. c5+ Kh7 28. Rf3 Rd8 29. Ref1 Rdd7 30. Ne6 Qg4 31. Nf8+ Kg7 32. Nxd7 Qxd7 33. Rf8 h5 34. R1f7+ Kh6 35. Rf3 Qg4 36. R8f7 Rxf7 37. Qxf7 Qxe4 38. Qf8+ Bg7 39. Qf4+ Qxf4 40. gxf4 Bf8 41. Rb3 Bxc5 42. Rxb7 Bf8 43. Kf3 c5 44. b3 h4 45. Rd7 g5 46. Rf7 Bg7 47. fxg5+ Kg6 48. Rc7 Bf8 49. Kg4 h3 50. Rc6+ Kf7 51. Kxh3 d3 52. Rf6+ 1-0

[Event "Oberliga Ost-A 1516"]
[Site "Germany"]
[Date "2015.11.15"]
[Round "4.6"]
[White "Matthey, Harald"]
[Black "Ledfuss, Guntram"]
[Result "0-1"]
[WhiteElo "2150"]
[BlackElo "2070"]
[PlyCount "144"]
[EventDate "2015.09.20"]
[EventType "team-tourn"]
[EventRounds "11"]
[EventCountry "GER"]
[SourceTitle "EXT 2017"]
[Source "ChessBase"]
[SourceDate "2016.10.25"]
[SourceVersion "1"]
[SourceVersionDate "2016.10.25"]
[SourceQuality "1"]
[WhiteTeam "Loeberitz"]
[BlackTeam "Dresden TU II"]
[WhiteTeamCountry "GER"]
[BlackTeamCountry "GER"]

1. d4 Nf6 2. Nf3 g6 3. c4 Bg7 4. Nc3 0-0 5. e4 d6 6. Be2 e5 7. dxe5 dxe5 8. Qc2 Nbd7 9. Bg5 c6 10. 0-0 Qe7 11. a3 a5 12. Rab1 Nc5 13. h3 Ne6 14. Be3 Nh5 15. Rfd1 Nhf4 16. Bf1 Qf6 17. Ne1 Nd4 18. Bxd4 exd4 19. Ne2 Ne6 20. c5 Qg5 21. Nd3 a4 22. Qc4 Kh8 23. f4 Qe7 24. e5 f6 25. Nxd4 fxe5 26. fxe5 Nxd4 27. Qxd4 Bf5 28. Re1 Rad8 29. Qc3 Rd5 30. Rbd1 Bxd3 31. Rxd3 Rxe5 32. Rxe5 Bxe5 33. Qb4 Qg5 34. Qd2 Qf4 35. Qxf4 Rxf4 36. g3 Bd4+ 37. Kh2 Rxf1 38. Rxd4 Rf2+ 39. Kg1 Rxb2 40. Rxa4 Kg7 41. Rd4 Kf6 42. g4 Kg5 43. Rd7 h5 44. gxh5 gxh5 45. Rd4 Rb3 46. h4+ Kf5 47. Rd7 Kg4 48. Rd4+ Kg3 49. Kf1 Rxa3 50. Rb4 Rc3 51. Rxb7 Kxh4 52. Kg2 Rxc5 53. Rb4+ Kg5 54. Ra4 Rc3 55. Re4 Rc5 56. Kf3 Kf5 57. Rf4+ Ke5 58. Rh4 Kd6 59. Ke3 Kc7 60. Kd4 Rg5 61. Rh1 Kd6 62. Ke4 c5 63. Rd1+ Kc6 64. Rd8 Kb5 65. Kd3 Rg3+ 66. Kc2 Kc4 67. Rd2 h4 68. Rf2 h3 69. Rf4+ Kb5 70. Rh4 c4 71. Rh8 c3 72. Rh4 Kc5 0-1

[Event "Regionalliga NW 9900"]
[Site "Bayern"]
[Date "1999.??.??"]
[Round "1.6"]
[White "Ledfuss, Guntram"]
[Black "Neubauer, Jaroslaus"]
[Result "0-1"]
[WhiteElo "1965"]
[BlackElo "1990"]
[PlyCount "77"]
[EventDate "1999.??.??"]
[EventType "team-tourn"]
[EventRounds "9"]
[EventCountry "GER"]
[SourceTitle "EXT 2020"]
[Source "ChessBase"]
[SourceDate "2019.10.17"]
[SourceVersion "1"]
[SourceVersionDate "2019.10.17"]
[SourceQuality "1"]
[WhiteTeam "Sand"]
[BlackTeam "Schweinfurt Fr"]
[WhiteTeamCountry "GER"]
[BlackTeamCountry "GER"]

1. d4 Nf6 2. c4 g6 3. Nc3 Bg7 4. e4 d6 5. Be2 0-0 6. Nf3 Nbd7 7. 0-0 a6 8. Qc2 c5 9. Rd1 Rb8 10. h3 cxd4 11. Nxd4 Qc7 12. Bg5 e5 13. Nf3 h6 14. Be3 b5 15. cxb5 axb5 16. Qd2 b4 17. Nb5 Qc6 18. Rdc1 Qxe4 19. Nxd6 Qd5 20. Nxc8 Rfxc8 21. Rxc8+ Rxc8 22. Qxb4 Rb8 23. Qc3 Qb7 24. Rb1 Nd5 25. Qd2 Nxe3 26. Qxe3 e4 27. Nd2 f5 28. b4 Kh7 29. Nc4 Nf6 30. Na5 Qd7 31. a3 Nd5 32. Qg3 f4 33. Qb3 Nc3 34. Re1 Qd2 35. Kf1 Rf8 36. Nc4 Qd4 37. f3 Rc8 38. Nb2 Nxe2 39. Rxe2 0-1

[Event "Regionalliga NW 9798"]
[Site "Bayern"]
[Date "1998.??.??"]
[Round "?.6"]
[White "Ledfuss, Guntram"]
[Black "Drescher, Ulli"]
[Result "1-0"]
[WhiteElo "1960"]
[BlackElo "1940"]
[PlyCount "111"]
[EventDate "1997.10.??"]
[EventType "team-tourn"]
[EventRounds "9"]
[EventCountry "GER"]
[SourceTitle "EXT 2020"]
[Source "ChessBase"]
[SourceDate "2019.10.17"]
[SourceVersion "1"]
[SourceVersionDate "2019.10.17"]
[SourceQuality "1"]
[WhiteTeam "Sand"]
[BlackTeam "Bad Neustadt"]
[WhiteTeamCountry "GER"]
[BlackTeamCountry "GER"]

1. e4 Nf6 2. Nc3 d5 3. exd5 Nxd5 4. Bc4 e6 5. Nf3 c5 6. 0-0 Be7 7. Re1 Nc6 8. Ne5 0-0 9. Nxc6 bxc6 10. Ne4 Qb6 11. b3 e5 12. Ng3 Bd6 13. Bb2 f6 14. Qf3 Be6 15. Nf5 Qc7 16. Re4 Qd7 17. Nxd6 Qxd6 18. Rae1 Rad8 19. Ba3 Nb4 20. Bxe6+ Qxe6 21. Qc3 Qd5 22. d3 a5 23. Rc4 Nxa2 24. Qxa5 Ra8 25. Qxc5 Rfc8 26. h3 Rcb8 27. Ra1 Ra5 28. Qe7 Rba8 29. Rg4 Qf7 30. Qxf7+ Kxf7 31. Bb2 c5 32. Rh4 Nb4 33. Rxa5 Rxa5 34. Rc4 Ra2 35. Bc3 Nxc2 36. Rxc5 Na1 37. Rc7+ Kg6 38. Bb4 Ra8 39. g4 Nxb3 40. Kg2 Nd4 41. h4 Ne6 42. h5+ Kh6 43. Bd2+ Nf4+ 44. Bxf4+ exf4 45. Rd7 g6 46. Kf3 g5 47. Rf7 Ra6 48. Ke4 Re6+ 49. Kf5 Re5+ 50. Kxf6 Rd5 51. Re7 Rxd3 52. Kf7 Rd6 53. Re6+ Rxe6 54. Kxe6 Kg7 55. Ke7 f3 56. Ke6 1-0

[Event "Regionalliga NW 9798"]
[Site "Bayern"]
[Date "1998.??.??"]
[Round "?.6"]
[White "Neubauer, Jaroslaus"]
[Black "Ledfuss, Guntram"]
[Result "1-0"]
[WhiteElo "1955"]
[BlackElo "1960"]
[PlyCount "55"]
[EventDate "1997.10.??"]
[EventType "team-tourn"]
[EventRounds "9"]
[EventCountry "GER"]
[SourceTitle "EXT 2020"]
[Source "ChessBase"]
[SourceDate "2019.10.17"]
[SourceVersion "1"]
[SourceVersionDate "2019.10.17"]
[SourceQuality "1"]
[WhiteTeam "Schweinfurt Fr"]
[BlackTeam "Sand"]
[WhiteTeamCountry "GER"]
[BlackTeamCountry "GER"]

1. e4 e5 2. Nf3 Nc6 3. Bb5 a6 4. Ba4 Nf6 5. d3 b5 6. Bb3 Bc5 7. c3 d6 8. 0-0 0-0 9. a4 Rb8 10. axb5 axb5 11. h3 Bb6 12. Na3 Bd7 13. Nc2 Ne7 14. Ne3 Ng6 15. Nf5 Nf4 16. Be3 N6h5 17. Bxb6 Rxb6 18. Ng3 Nf6 19. Qd2 Qc8 20. d4 Bxh3 21. dxe5 dxe5 22. Nxe5 Nxg2 23. Rfd1 Ng4 24. Nxf7 Re6 25. Ng5 Rxf2 26. Qd8+ Rf8 27. Qxc8 Rxc8 28. Bxe6+ 1-0

[Event "Regionalliga NW 9697"]
[Site "Bayern"]
[Date "1997.??.??"]
[Round "?"]
[White "Karcevski, Mario"]
[Black "Ledfuss, Guntram"]
[Result "1-0"]
[WhiteElo "2040"]
[BlackElo "1950"]
[PlyCount "35"]
[EventDate "1996.10.??"]
[EventType "team-tourn"]
[EventRounds "9"]
[EventCountry "GER"]
[SourceTitle "EXT 1999"]
[Source "ChessBase"]
[SourceDate "1998.11.16"]
[SourceVersion "1"]
[SourceVersionDate "1998.11.16"]
[SourceQuality "1"]
[WhiteTeam "Burgsinn"]
[BlackTeam "Sand"]
[WhiteTeamCountry "GER"]
[BlackTeamCountry "GER"]

1. d4 d5 2. Nf3 Nf6 3. Bf4 e6 4. e3 Ne4 5. Nbd2 g5 6. Be5 f6 7. Nxe4 dxe4 8. Nxg5 h5 9. Be2 Rg8 10. Bxh5+ Ke7 11. Bxf6+ Kxf6 12. Nxe4+ Ke7 13. Qf3 Rg7 14. Qf6+ Kd7 15. Nc5+ Bxc5 16. Qxg7+ Be7 17. d5 c6 18. d6 1-0

[Event "Regionalliga NW 9798"]
[Site "Bayern"]
[Date "1997.??.??"]
[Round "?.6"]
[White "Zimlich, Juergen"]
[Black "Ledfuss, Guntram"]
[Result "1/2-1/2"]
[WhiteElo "1850"]
[BlackElo "1960"]
[PlyCount "67"]
[EventDate "1997.10.??"]
[EventType "team-tourn"]
[EventRounds "9"]
[EventCountry "GER"]
[SourceTitle "EXT 2020"]
[Source "ChessBase"]
[SourceDate "2019.10.17"]
[SourceVersion "1"]
[SourceVersionDate "2019.10.17"]
[SourceQuality "1"]
[WhiteTeam "Sailauf"]
[BlackTeam "Sand"]
[WhiteTeamCountry "GER"]
[BlackTeamCountry "GER"]

1. Nf3 d5 2. d4 Nf6 3. Bf4 c6 4. e3 g6 5. h3 Bg7 6. c4 Nbd7 7. Nc3 0-0 8. Bd3 dxc4 9. Bxc4 c5 10. dxc5 Nxc5 11. Ng5 Qb6 12. Qe2 h6 13. Nf3 Be6 14. Bxe6 Nxe6 15. Be5 Rfd8 16. 0-0 Nd5 17. Bxg7 Kxg7 18. Nxd5 Rxd5 19. Rfd1 Rad8 20. Rxd5 Rxd5 21. b3 Kh7 22. Rd1 Qd6 23. Rxd5 Qxd5 24. Qd2 Qxd2 25. Nxd2 Kg7 26. Kf1 f5 27. Nc4 Kf6 28. Na5 b6 29. Nc6 a5 30. Ke2 Nc5 31. b4 axb4 32. Nxb4 Ke6 33. f3 Kd6 34. Kd2 1/2-1/2

[Event "Regionalliga NW 9596"]
[Site "Bayern"]
[Date "1996.??.??"]
[Round "?"]
[White "Drescher, Ulli"]
[Black "Ledfuss, Guntram"]
[Result "1-0"]
[WhiteElo "1920"]
[BlackElo "1930"]
[PlyCount "71"]
[EventDate "1995.10.??"]
[EventType "team-tourn"]
[EventRounds "9"]
[EventCountry "GER"]
[SourceTitle "EXT 1999"]
[Source "ChessBase"]
[SourceDate "1998.11.16"]
[SourceVersion "1"]
[SourceVersionDate "1998.11.16"]
[SourceQuality "1"]
[WhiteTeam "Bad Neustadt"]
[BlackTeam "Sand"]
[WhiteTeamCountry "GER"]
[BlackTeamCountry "GER"]

1. d4 d5 2. Nf3 Nf6 3. e3 Bg4 4. Be2 e6 5. 0-0 Nbd7 6. b3 Bd6 7. c4 dxc4 8. bxc4 c5 9. Nc3 0-0 10. Nb5 Bb8 11. h3 Bh5 12. Qb3 a6 13. Nc3 Qc7 14. g3 Bg6 15. Nh4 Ba7 16. Nxg6 hxg6 17. Rd1 Rac8 18. Rb1 b5 19. d5 exd5 20. cxb5 d4 21. Nd5 Nxd5 22. Qxd5 Nf6 23. Qf3 axb5 24. Rxb5 Rb8 25. Rxb8 Rxb8 26. exd4 cxd4 27. Bf4 Qc8 28. Bxb8 Qxb8 29. Bd3 Nd7 30. Re1 Ne5 31. Qe4 f6 32. Bc2 Qb4 33. Bb3+ Kf8 34. Rc1 Bc5 35. Qd5 d3 36. Qd8# 1-0

[Event "Regionalliga NW 9596"]
[Site "Bayern"]
[Date "1996.??.??"]
[Round "?"]
[White "Ledfuss, Guntram"]
[Black "Fischer, Emil"]
[Result "0-1"]
[WhiteElo "1930"]
[BlackElo "2095"]
[PlyCount "34"]
[EventDate "1995.10.??"]
[EventType "team-tourn"]
[EventRounds "9"]
[EventCountry "GER"]
[SourceTitle "EXT 1999"]
[Source "ChessBase"]
[SourceDate "1998.11.16"]
[SourceVersion "1"]
[SourceVersionDate "1998.11.16"]
[SourceQuality "1"]
[WhiteTeam "Sand"]
[BlackTeam "Schweinfurt Fr"]
[WhiteTeamCountry "GER"]
[BlackTeamCountry "GER"]

1. d4 Nf6 2. c4 e5 3. dxe5 Ne4 4. Qd5 Bb4+ 5. Nd2 Nc5 6. Ngf3 b6 7. e3 Bb7 8. Qd4 Be4 9. e6 0-0 10. exf7+ Rxf7 11. Ne5 Nc6 12. Nxc6 dxc6 13. Qxd8+ Rxd8 14. f3 Bg6 15. Ke2 Bd3+ 16. Kd1 Rfd7 17. Bxd3 Rxd3 0-1